Voľba optimálnych podmienok zvárania dvojdrôtom pod tavivom

Bibliographic Details
Main Authors: Pavelka, Viliam (Author), Mosný, Ján (Author), Malinovská, Eva, 1930-2011 (Author)
Format: Article
Language:Slovak
PhysicalDescription:Tb. 2. Graf. 12., lit. 1 zázn. v slov.
Subjects:

MARC

LEADER 00000nab a2200000 a 4500
001 vtls000170805
003 SK-MaSNL
005 20260304195317.0
008 250422c1983 xo 0 slo
015 |a SNBRB19rr/mm-uuuuu 
035 |a CL0180916 
035 |a urn:nbn:sk:snk-ab6oiw 
035 |a (uuid)b3180728-fc06-4a74-950a-08027f5f448e 
035 |a (urnnbn)urn:nbn:sk:snk:ar-005otq 
035 |a (sysno)vtls000170805 
040 |a SNKBUCL  |b slo  |c SNKBUCL  |e AACR2 
041 0 |a slo 
044 |a xo  |c SK 
080 |a 621.791.75  |2 1981 
080 |a 621.791.753.042  |2 1981 
100 1 |a Pavelka, Viliam  |4 aut  |9 524770 
245 1 0 |a Voľba optimálnych podmienok zvárania dvojdrôtom pod tavivom  |c Viliam Pavelka, Ján Mosný, Eva Malinovská 
300 |b Tb. 2. Graf. 12., lit. 1 zázn. v slov. 
650 0 7 |a zváranie pod tavivom  |2 snkbucl  |9 433982 
655 7 |a články z novín a časopisov  |2 snkbucl  |9 267496 
700 1 |a Mosný, Ján  |4 aut  |9 932940 
700 1 |a Malinovská, Eva,  |d 1930-2011  |4 aut  |9 257804 
773 0 |t Zváranie  |g Roč. 32, č. 12 (1983), s. 353-358 
850 |a Slovenská národná knižnica 
852 |a Slovenská národná knižnica 
954 |a odborná, vedecká literatúra pôvodná (slovenská)  |2 lita 
958 |a article 
958 |a OND 
958 |a RK 
958 |a EUIPO 
992 |a RBX 
999 |c 3080885  |d 3082815